Vista normal Vista MARC

Entrada Topical Term

Número de registros utilizados en: 4

001 - CONTROL NUMBER

  • control field: 2578

003 - CONTROL NUMBER IDENTIFIER

  • control field: OSt

005 - DATE AND TIME OF LATEST TRANSACTION

  • control field: 20200406214032.0

008 - FIXED-LENGTH DATA ELEMENTS

  • fixed length control field: 200406|| aca||aabn | a|a d

040 ## - CATALOGING SOURCE

  • Original cataloging agency: OSt
  • Transcribing agency: OSt

150 ## - HEADING--TOPICAL TERM

  • Topical term or geographic name entry element: Garantías constitucionales

670 ## - SOURCE DATA FOUND

  • Source citation: Work cat.: (OSt)5149: Colón-Rios, Joel I., autor 2576, La constitución de la democracia / , 2013